| 000 | 00365nam a2200133Ia 4500 | ||
|---|---|---|---|
| 008 | 210210b1959 xxu||||| |||| 00| 0 eng d | ||
| 082 | _a300.72 GOOB | ||
| 100 | _aGOODE (William J). | ||
| 245 | _aBasic course in sociological statistics. | ||
| 260 |
_aNew York. _bHenry Holt And Company., _c1959 |
||
| 300 | _axiii,370 | ||
| 690 | _aSocial Research | ||
| 906 | _a040879 | ||
| 999 |
_c90844 _d90844 |
||